International Journal of Science, Commerce and Humanities
Gespeichert in:
| Format: | Schriftenreihe |
|---|---|
| Sprache: | Englisch |
| Veröffentlicht: |
South Shields
Post Academic Publications
|
| Tags: |
Keine Tags, Fügen Sie das erste Tag hinzu!
|
MARC
| LEADER | 00000nas1a2200000 4500 | ||
|---|---|---|---|
| 001 | 0245648 | ||
| 005 | 20230324103258.4 | ||
| 022 | |a 2053-5295 | ||
| 022 | |a 2052-6164 | ||
| 041 | 0 | |a eng | |
| 044 | |a GB | ||
| 245 | 1 | 0 | |a International Journal of Science, Commerce and Humanities |
| 264 | 1 | |a South Shields |b Post Academic Publications | |